Responses for Show #7369 - Thursday, September 29, 2016

Seth Wilson game 9.

Contestants

[<< previous game]

Anne Campbell, a homeschool educator from Frederick, Maryland

Damien Shirley, a digital consultant from Arlington, Virginia

Seth Wilson, a Ph.D. candidate from Chicago, Illinois (whose 8-day cash winnings total $191,701)

[next game >>]

Jeopardy! Round responses

BOY SCOUT LAW WORDS
A LOOK AT BOOKS
EPISODES OF THE SITCOM
IN-LAWS
YOU CAN'T FIGHT
CITY HALL
    $200 14
loyal

Seth
    $200 4
To Kill a Mockingbird

Anne
    $200 1
How I Met Your Mother

Seth
    $200 20
Camilla

Damien
    $200 12
cheek

Seth
    $200 17
Salt Lake City

Seth
    $400 27
(Seth: What is budget?)

thrifty

Seth
Triple Stumper
    $400 5
The Good Earth

Seth
    $400 2
Family Ties

Seth
    $400 23
Kate Spade

Seth
    $400 15
Gandhi

Anne
    $500 10
(Damien: Who is Pitt?)

William Penn

Damien
    $600 28
[The end-of-round signal sounds.]

clean

Seth
    $600 8
Bach

Triple Stumper
    $600 3
Black-ish

Anne
    $600 24
Lisa Marie Presley

Seth
    $600 16
the Quakers (Society of Friends)

Damien
    $600 11
Art Deco

Anne
    $800 9
Douglas Adams

Damien
    $800 6
Three's Company

Seth
    $800 25
(Seth: Who is Curie?)
(Alex: Be more specific.)

Marie Curie

Seth
    $800 18
conscientious objector

Seth
    $800 21
the Mausoleum

Damien
    $1000 13
Tom Wolfe

Anne
    $1000 7
(Alex: And that would be a sitcom that's filmed right here at Sony--[*].)

The Goldbergs

Triple Stumper
    $1000 26
Catherine Medici

Anne
    $1000 19
Berrigan

Triple Stumper
    $1000 22
(Alex: That's the city, and we have less than a minute to go now.)

Chicago

Anne

Scores at the first commercial break (after clue 15):

Seth Damien Anne
$2,200 $300 $2,800

Scores at the end of the Jeopardy! Round:

Seth Damien Anne
$5,200 $1,900 $4,800

Double Jeopardy! Round responses

MICHIGAN HISTORY
HONORS & AWARDS
RECENT MEMOIRISTS
NATIONAL CURRENCY UNITS
MUSIC IN MOVIES
"SQ"s ME
    $400 18
Ford

Seth
    $400 21
economics

Seth
    $400 7
The Bachelor

Triple Stumper
    $400 1
the yen

Anne
    $400 2
"La Marseillaise"

Damien
    $400 26
a squid

Anne
    $800 13
Flint

Anne
    $800 22
(Anne: Who is Christopher Reeve?)
...
(Alex: Way before Christopher Reeve.)

Irving Thalberg

Anne
Triple Stumper
    $800 8
Stuart Scott

Seth
    $800 3
the peso

Damien
    $800 10
"Roxanne"

Anne
    $800 29
[The end-of-round signal sounds.]

squeeze

Damien
    $1200 14
cherry

Seth
    $1200 23
a Webby

Seth
    $1200 9
a Playboy Bunny

Seth
    $1200 4
the ruble

Triple Stumper
    $1200 11
Pitch Perfect

Seth
    $1600 19
Father Marquette

Triple Stumper
    $1600 24
the Peabody Awards

Triple Stumper
    $1600 16
(Anne: Who is Jaycee Duggar?)

Jaycee Dugard

Anne
Triple Stumper
    $1600 5
the rupee

Anne
    $1600 12
The Hangover

Damien
    $1600 27
squeamish

Anne
    $2000 20
(Damien: What is factory?)

arsenal

Damien
Triple Stumper
    $1,500 25
(Seth: What is the Cross of the French Legion?)

the Legion of Honor (la Légion d'Honneur)

Seth
    $2000 17
Bernanke

Damien
    $1,000 6
the real

Anne
    $2000 15
"Tiny Dancer"

Seth
    $2000 28
a squire

Seth

Scores at the end of the Double Jeopardy! Round:

Seth Damien Anne
$14,100 $5,500 $9,000

[wagering suggestions for these scores]

Final Jeopardy! Round responses

MYTHOLOGY
(Alex: Designed the labyrinth and wound up being stuck in there, but escaping.)
...
(Alex: [To Anne] [*], the correct response, the father of Icarus.)
DamienWho was Mithra
$5,499
AnneWho is Daedelus?
$3,499
SethWho is Deadalus?
$4,000
Daedalus

Final scores:

Seth Damien Anne
$18,100 $1 $12,499
9-day champion: $209,801 3rd place: $1,000 2nd place: $2,000

Game dynamics:

Coryat scores:

Seth Damien Anne
$15,600 $6,000 $10,000
21 R,
2 W
(including 1 DD)
9 R,
2 W
(including 1 DD)
14 R
(including 1 DD),
2 W

Combined Coryat: $31,600

[game clues] [game scores] [suggest correction]

Game tape date: 2016-07-26
The J! Archive is created by fans, for fans. Scraping, republication, monetization, and malicious use prohibited; this site may use cookies and collect identifying information. See terms. The Jeopardy! game show and all elements thereof, including but not limited to copyright and trademark thereto, are the property of Jeopardy Productions, Inc. and are protected under law. This website is not affiliated with, sponsored by, or operated by Jeopardy Productions, Inc. Join the discussion at JBoard.tv.